Курс месторождений полезных ископаемых. Ч.1: Учение о рудных месторождениях (Запись № 13491071)
[ простой вид ]
| 000 -МАРКЕР | |
|---|---|
| контрольное поле | 01453nam2a22002171 4500 |
| 001 - ИДЕНТИФИКАТОР ЗАПИСИ | |
| контрольное поле | RU\NLR\A1SV\137261 |
| 005 - ИДЕНТИФИКАТОР ВЕРСИИ | |
| контрольное поле | 20251214192411.0 |
| 035 ## - ДРУГИЕ СИСТЕМНЫЕ НОМЕРА | |
| Идентификатор записи | (NLR Aleph) 010710803 |
| 100 ## - ДАННЫЕ ОБЩЕЙ ОБРАБОТКИ | |
| Данные общей обработки | 20150318d1926 u y0rusy50 ca |
| 101 0# - ЯЗЫК РЕСУРСА | |
| Язык текста, звукозаписи и т.д. | русский |
| 200 1# - ЗАГЛАВИЕ И СВЕДЕНИЯ ОБ ОТВЕТСТВЕННОСТИ | |
| Основное заглавие | Учение о рудных месторождениях |
| 215 ## - ФИЗИЧЕСКАЯ ХАРАКТЕРИСТИКА | |
| Специфическое обозначение материала и объем | [327] с. разд. паг., 16 л. ил., карт. |
| 320 ## - ПРИМЕЧАНИЯ О НАЛИЧИИ В ДОКУМЕНТЕ БИБЛИОГРАФИИ / УКАЗАТЕЛЯ | |
| Текст примечания | "Основные соч. по рудным месторождениям" (с.11-15); "Сводные работы и карты по полезным ископаемым России" (с.15-17) |
| 461 #1 - УРОВЕНЬ НАБОРА | |
| Встроенное поле | 001RU\NLR\A1SV\137260 |
| -- | 2000#$aКурс месторождений полезных ископаемых$eВ 2 ч. с атл.$fП.Н.Чирвинский, проф. прикладной геологии в Донск. политехн. ин-те$vЧ.1 |
| -- | 700#1$aЧервинский$bП.Н.$f1880-1955$gПетр Николаевич |
| Системный номер (АБИС) связанной записи | 9770462 |
| Автор | Чирвинский, П. Н. (1880-1955) |
| Место публикации | Новочеркасск |
| Дата публикации | 1926 |
| Первые сведения об ответственности | П.Н.Чирвинский, проф. прикладной геологии в Донск. политехн. ин-те |
| Имя издателя, распространителя и т.д. | Новоч. студенч. кооператив "Знание" |
| Сведения, относящиеся к заглавию | В 2 ч. с атл. |
| Заглавие | Курс месторождений полезных ископаемых |
| Номер тома | Ч.1 |
| 801 #0 - ИСТОЧНИК ЗАПИСИ | |
| Страна | российская федерация |
| Организация | NLR |
| Дата составления | 20150318 |
| 852 ## - МЕСТОНАХОЖДЕНИЕ И ШИФР ХРАНЕНИЯ | |
| Идентификатор организации | NLR |
| Шифр хранения (Call Number) | 29/31-1 |
| 942 ## - ДОПОЛНИТЕЛЬНЫЕ ЭЛЕМЕНТЫ ЗАПИСИ (АБИС) | |
| Тип экземпляра АБИС | Книга |
| 980 ## - КОЛЛЕКЦИЯ | |
| Название коллекции | Международный сводный каталог русской книги (1918-1926) |
| 980 ## - КОЛЛЕКЦИЯ | |
| Название коллекции | Национальная библиография |
Нет доступных экземпляров.